Gosudarstvo v rynočnoj ekonomike.

Čisto trhové rozdeľovanie negarantuje realizáciu základného práva človeka - práva na život. Trhový mechanizmus nezabezpečí ani právo na prácu všetkým, ktorí môžu a chcú pracovať, nie je schopný sám o sebe zabezpečiť zvraty vo vede a technike, veľké investičné projekty, nezabráni inflácii, nezamestna...

Descrizione completa

Salvato in:
Dettagli Bibliografici
Autore principale: Livšic, A.
Natura: Capitolo di libro
Lingua:russo
Soggetti:
Tags: Aggiungi Tag
Nessun Tag, puoi essere il primo ad aggiungerne!!

MARC

LEADER 00000naa a2200000 4500
001 r011559
005 20221208123051.4
041 0 |a rus 
044 |a [SU] 
245 1 0 |a Gosudarstvo v rynočnoj ekonomike.  |c A. Livšic 
520 |a Čisto trhové rozdeľovanie negarantuje realizáciu základného práva človeka - práva na život. Trhový mechanizmus nezabezpečí ani právo na prácu všetkým, ktorí môžu a chcú pracovať, nie je schopný sám o sebe zabezpečiť zvraty vo vede a technike, veľké investičné projekty, nezabráni inflácii, nezamestnanosti atď. I v trhovom hospodárstve sa stáva nevyhnutnou ekonomická úloha štátu. Vymedzenie základných smerov pôsobenia štátu v trhovej ekonomike. 
610 2 0 |a hospodárstvo trhové 
610 2 0 |a štát 
610 2 0 |a regulácia hospodárska 
610 2 0 |a mechanizmus trhový 
610 2 0 |a vzťahy trhové 
610 2 0 |a regulátory hospodárske 
100 1 |a Livšic, A.